00617nam a2200181 a 4500008004100000050001300041100002100054245015000075260003300225300001500258350000900273490003400282650004000316650001900356700002200375700002300397710001500420120416s2004 ||||||||||||||||| || u aIBRD(08) aBartelsman, Eric10aMicroeconomic evidence of creative destruction in industrial and developing countriescby Eric Bartelsman, John Haltiwanger and Stefano Scarpetta aWashington, D.C:bIBRDc2004 a49p.: ill. a0.00 aPolicy Research Working Paper aINDUSTRIAL AND DEVELOPING COUNTRIES aMICROECONOMICS aHaltiwanger, John aScarpetta, Stefano aWorld Bank